Statistiken für Alle KFZ-Kennzeichen Deutschlands

Klicken Sie hier um das Quiz zu spielen!

Allgemein

  • Dieses Quiz wurde 4.487 mal gespielt
  • Das Durchschnittsergebnis liegt bei 178 aus 698

Antwortstatistiken

KennzeichenStadt oder Region% Korrekt
ACAachen
92%
BBerlin
87%
AAugsburg
86%
FFrankfurt
79%
FFFrankfurt (Oder)
79%
HHHansestadt Hamburg
79%
MMünchen
78%
KKöln
75%
DDüsseldorf
74%
DDDresden
73%
HBHansestadt Bremen
73%
DODortmund
72%
EEssen
72%
HHannover
72%
LLeipzig
70%
SStuttgart
70%
NNürnberg
69%
CChemnitz
68%
HROHansestadt Rostock
68%
LROLandkreis Rostock
68%
ROSRostock
68%
AAAalen
66%
JJena
66%
BNBonn
65%
FGFreiberg
65%
FRFreiburg im Breisgau
65%
KIKiel
65%
BOBochum
64%
PPotsdam
64%
BADBaden-Baden
63%
HEIHeide
63%
BIBielefeld
62%
DUDuisburg
62%
REGRegen
62%
CUXCuxhaven
61%
EFErfurt
61%
RRegensburg
61%
ULUlm
61%
BRGBurg (bei Magdeburg)
60%
GEGelsenkirchen
60%
MZMainz
60%
DADarmstadt
59%
SBSaarbrücken
59%
ABAschaffenburg
58%
FLFlensburg
58%
Göttingen
58%
HALHalle (Saale)
58%
LEVLeverkusen
58%
MDMagdeburg
58%
MAMannheim
58%
KAKarlsruhe
57%
KSKassel
57%
HAMHamm
56%
WOBWolfsburg
56%
BRBBrandenburg an der Havel
55%
BBLBrandenburgische Landesregierung
55%
GGera
55%
HLHansestadt Lübeck
55%
INIngolstadt
55%
MSMünster
55%
BOTBottrop
54%
BSBraunschweig
54%
LGLüneburg
54%
Würzburg
54%
EMSBad Ems
53%
CBCottbus
53%
EMDEmden
53%
Fürth
53%
HDHeidelberg
53%
KOKoblenz
53%
GLBergisch Gladbach
52%
CECelle
52%
OSOsnabrück
52%
OLOldenburg
51%
WIWiesbaden
51%
BABamberg
50%
FÜSFüssen
50%
PBPaderborn
50%
WWuppertal
50%
ZZwickau
50%
GIGießen
48%
MGMönchengladbach
48%
OFOffenbach
48%
TRTrier
48%
AURAurich
47%
COCoburg
47%
ERErlangen
47%
ERHErlangen-Höchstadt
47%
PAPassau
47%
RÜGRügen
47%
DAHDachau
46%
LULudwigshafen am Rhein
46%
FDFulda
45%
KLKaiserslautern
45%
KRKrefeld
45%
HGBad Homburg vor der Höhe
44%
BBBöblingen
44%
BDBund
44%
GTGütersloh
44%
HAHagen
44%
HDHHeidenheim an der Brenz
44%
HRHomberg (Efze)
44%
HOMHomburg
44%
SNSchwerin
44%
SISiegen
44%
GAPGarmisch-Partenkirchen
43%
MRMarburg
43%
OBOberhausen
43%
BTBayreuth
42%
ERZErzgebirge
42%
HNHeilbronn
42%
KNKonstanz
42%
LIPLippe
42%
PFPforzheim
42%
RVRavensburg
42%
ASAmberg-Sulzbach
41%
DEGDeggendorf
41%
HIHildesheim
41%
Tübingen
41%
AMAmberg
40%
NESBad Neustadt an der Saale
40%
BITBitburg
40%
CLPCloppenburg
40%
HERHerne
40%
HOHof
40%
ABIAnhalt-Bitterfeld
39%
TÖLBad Tölz
39%
ESEsslingen am Neckar
39%
KLEKleve
39%
NENeuss
39%
NEANeustadt an der Aisch
39%
NEWNeustadt an der Waldnaab
39%
NWNeustadt an der Weinstraße
39%
NECNeustadt bei Coburg
39%
RORosenheim
39%
SGSolingen
39%
UNUnna
39%
EAEisenach
38%
GTHGotha
38%
HUHanau
38%
HWIHansestadt Wismar
38%
HXHöxter
38%
KEKempten (Allgäu)
38%
MMMemmingen
38%
MIMinden
38%
WOWorms
38%
Altötting
37%
ANAnsbach
37%
CHACham
37%
COCCochem
37%
COECoesfeld
37%
Lörrach
37%
NUNeu-Ulm
37%
WISWismar
37%
EUEuskirchen
36%
FNFriedrichshafen
36%
GPGöppingen
36%
HGWHansestadt Greifswald
36%
JÜLJülich
36%
LBLudwigsburg
36%
MHMülheim an der Ruhr
36%
RERecklinghausen
36%
TUTTuttlingen
36%
VECVechta
36%
WHVWilhelmshaven
36%
WITWitten
36%
AICAichach
35%
ANAAnnaberg-Buchholz
35%
AEAuerbach/Vogtl.
35%
ASZAue-Schwarzenberg
35%
BZBautzen
35%
CWCalw
35%
DNDüren
35%
FFBFürstenfeldbruck
35%
GWGreifswald
35%
HVLHavelland
35%
LERLeer (Ostfriesland)
35%
LPLippstadt
35%
MKMark
35%
PLÖPlön
35%
WEWeimar
35%
AZAlzey
34%
AUAue
34%
YBundeswehr
34%
ECKEckernförde
34%
LDLandau in der Pfalz
34%
LILindau (Bodensee)
34%
OGOffenburg
34%
PSPirmasens
34%
QLBQuedlinburg
34%
RTReutlingen
34%
SLSSaarlouis
34%
STDStade
34%
BGDBerchtesgaden
33%
DELDelmenhorst
33%
KYFKyffhäuser
33%
LALandshut
33%
MEIMeißen
33%
ROLRottenburg an der Laaber
33%
AWAhrweiler
32%
AKAltenkirchen (Westerwald)
32%
BTFBitterfeld
32%
BORBorken
32%
DEDessau
32%
DINDinslaken
32%
ELEmsland
32%
GSGoslar
32%
PIRPirna
32%
SZSalzgitter
32%
BÜRBüren
31%
GRGörlitz
31%
GGGroß-Gerau
31%
HMHameln
31%
IZItzehoe
31%
LMLimburg an der Lahn
31%
MTKMain-Taunus-Kreis
31%
MEMettmann
31%
OAOberallgäu
31%
OEOlpe
31%
PIPinneberg
31%
RSRemscheid
31%
SWSchweinfurt
31%
SHLSuhl
31%
DLGDillingen an der Donau
30%
GLAGladbeck
30%
HSKHochsauerlandkreis
30%
LWLLudwigslust
30%
MÜRMüritz
30%
NMSNeumünster
30%
NRWNordrhein-Westfalen
30%
PAFPfaffenhofen an der Ilm
30%
PLPlauen
30%
ROFRotenburg an der Fulda
30%
ROWRotenburg an der Wümme
30%
RHRoth
30%
ABGAltenburg
29%
AZEAnhalt-Zerbst
29%
AIBBad Aibling
29%
BCBiberach an der Riß
29%
CASCastrop-Rauxel
29%
DGFDingolfing
29%
EDErding
29%
FDBFriedberg
29%
FBFriedberg (Hessen)
29%
HBSHalberstadt
29%
HSTHansestadt Stralsund
29%
HFHerford
29%
LÜNLünen
29%
MOMoers
29%
RARastatt
29%
RWRottweil
29%
SLSchleswig
29%
UEUelzen
29%
VIEViersen
29%
WRNWaren (Müritz)
29%
BWLBaden-Württembergischer Landtag
28%
BARBarnim
28%
FSFreising
28%
FDSFreudenstadt
28%
GMGummersbach
28%
GZGünzburg
28%
HZHarz
28%
KELKehl
28%
LLLandsberg am Lech
28%
MYMayen
28%
NFNordfriesland
28%
OALOstallgäu
28%
PEPeine
28%
SHSchleswig-Holstein
28%
SIGSigmaringen
28%
ANKAnklam
27%
APApolda
27%
BINBingen am Rhein
27%
BOHBocholt
27%
EIEichstätt
27%
EILEisleben
27%
FRIFriesland
27%
LEOLeonberg
27%
NDHNordhausen
27%
RÜDRüdesheim am Rhein
27%
SPSpeyer
27%
VVogtland
27%
WESWesel
27%
GRZGreiz
26%
PCHParchim
26%
SOSoest
26%
SÖMSömmerda
26%
STAStarnberg
26%
SDLStendal
26%
TSTraunstein
26%
VSVillingen-Schwenningen
26%
ZELZell (Mosel)
26%
ZWZweibrücken
26%
ARNArnstadt
25%
EBEEbersberg
25%
EEElbe-Elster
25%
ENEnnepe
25%
FOForchheim
25%
GFGifhorn
25%
ILIlmenau
25%
KÖTKöthen (Anhalt)
25%
KUSKusel
25%
NMBNaumburg (Saale)
25%
NBNeubrandenburg
25%
TBBTauberbischofsheim
25%
WAFWarendorf
25%
DONDonauwörth
24%
HPHeppenheim (Bergstraße)
24%
LSNLandtag Sachsen
24%
MKKMain-Kinzig-Kreis
24%
NKNeunkirchen
24%
NINienburg/Weser
24%
SHASchwäbisch Hall
24%
VERVerden (Aller)
24%
AHAhaus
23%
DÜWBad Dürkheim an der Weinstraße
23%
BMBergheim
23%
BIRBirkenfeld
23%
DHDiepholz
23%
EMEmmendingen
23%
ERKErkelenz
23%
GRMGrimma
23%
HSHeinsberg
23%
KUKulmbach
23%
LDKLahn-Dill-Kreis
23%
MSPMain-Spessart
23%
MZGMerzig
23%
MILMiltenberg
23%
OHVOberhavel
23%
SUSiegburg
23%
STSteinfurt
23%
WWWesterwald
23%
WBWittenberg
23%
KGBad Kissingen
22%
Börde
22%
DANDannenberg (Elbe)
22%
DAUDaun
22%
EWEberswalde
22%
EICEichsfeld
22%
ESWEschwege
22%
GERGermersheim
22%
KFKaufbeuren
22%
KEHKelheim
22%
NRNeuwied am Rhein
22%
SONSonneberg
22%
SRStraubing
22%
ASLAschersleben
21%
DBRBad Doberan
21%
KHBad Kreuznach
21%
BKSBernkastel-Kues
21%
BPBundespolizei
21%
HYHoyerswerda
21%
MOSMosbach
21%
NOMNortheim
21%
QFTQuerfurt
21%
WZWetzlar
21%
ALZAlzenau
20%
BLBalingen
20%
BGLBerchtesgadener Land
20%
BERBernau bei Berlin
20%
CRCrailsheim
20%
FRGFreyung-Grafenau
20%
HEHelmstedt
20%
ILLIllertissen
20%
JLJerichower Land
20%
KÜNKünzelsau
20%
LRLahr/Schwarzwald
20%
LAULauf an der Pegnitz
20%
MYKMayen-Koblenz
20%
MGNMeiningen
20%
MBMiesbach
20%
NOHNordhorn
20%
IGBSt. Ingbert
20%
THWTechnisches Hilfswerk
20%
UMUckermark
20%
WTMWittmund
20%
ZIZittau
20%
ANGAngermünde
19%
SEBad Segeberg
19%
BÜSBüsingen
19%
DILDillenburg
19%
DUDDuderstadt
19%
FTFrankenthal (Pfalz)
19%
HMÜHann. Münden
19%
KTKitzingen
19%
KCKronach
19%
LSALand Sachsen-Anhalt
19%
NORNorden
19%
OHOstholstein
19%
PEGPegnitz
19%
RDRendsburg
19%
SLFSaalfeld/Saale
19%
WNDSt. Wendel
19%
SÜWSüdliche Weinstraße
19%
TIRTirschenreuth
19%
VAIVaihingen an der Enz
19%
WATWattenscheid
19%
WUNWunsiedel
19%
ZZZeitz
19%
ALFAlfeld (Leine)
18%
HEFBad Hersfeld
18%
BRABrake
18%
BÜDBüdingen
18%
DIZDiez
18%
IKIlm-Kreis
18%
LDSLandkreis Dahme-Spreewald
18%
LIFLichtenfels
18%
MONMonschau
18%
NMNeumarkt in der Oberpfalz
18%
Nördlingen
18%
PRÜPrüm
18%
RIERiesa
18%
SHGSchaumburg oder Stadthagen
18%
SADSchwandorf
18%
VBVogelsberg
18%
WFWolfenbüttel
18%
BYLBayerischer Landtag
17%
BBGBernburg (Saale)
17%
BLKBurgenlandkreis
17%
ERBErbach
17%
HBNHildburghausen
17%
HOLHolzminden
17%
NWMNordwestmecklenburg
17%
OPROstprignitz-Ruppin
17%
PRPrignitz
17%
RZRatzeburg
17%
SAWSalzwedel
17%
GDSchwäbisch Gmünd
17%
TGTorgau
17%
ODBad Oldesloe
16%
BNABorna
16%
DZDelitzsch
16%
FEUFeuchtwangen
16%
GELGeldern
16%
GVGrevenbroich
16%
Güstrow
16%
HASHaßfurt
16%
KBKorbach
16%
MSEMecklenburgische Seenplatte
16%
MERMerseburg
16%
Mühldorf am Inn
16%
MHLMühlhausen/Thüringen
16%
NDNeuburg an der Donau
16%
NPNeuruppin
16%
OHZOsterholz-Scharmbeck
16%
GOASankt Goar
16%
SCSchwabach
16%
SIMSimmern/Hunsrück
16%
VKVölklingen
16%
WENWeiden in der Oberpfalz
16%
BLBBad Berleburg
15%
BRVBremervörde
15%
BCHBuchen (Odenwald)
15%
DIDieburg
15%
DKBDinkelsbühl
15%
EBEilenburg
15%
EINEinbeck
15%
FTLFreital
15%
LÖBLöbau
15%
NAUNauen
15%
NVPNordvorpommern
15%
NTNürtingen
15%
ÖHRÖhringen
15%
RPRhein-Pfalz
15%
RURudolstadt
15%
SKSaalekreis
15%
SFBSenftenberg
15%
TFTeltow-Fläming
15%
WNWaiblingen
15%
WANWanne-Eickel
15%
WAKWartburgkreis
15%
WMWeilheim in Oberbayern
15%
CLZClausthal-Zellerfeld
14%
GUBGuben
14%
GUNGunzenhausen
14%
LOSLandkreis Oder-Spree
14%
MOLMärkisch-Oderland
14%
OCOschersleben (Bode)
14%
OHAOsterode am Harz
14%
PMPotsdam-Mittelmark
14%
SHKSaale-Holzland-Kreis
14%
SOKSaale-Orla-Kreis
14%
WUGWeißenburg in Bayern
14%
WRWernigerode
14%
ARTArtern
13%
BKBacknang
13%
MGHBad Mergentheim
13%
BEBeckum
13%
DWDippoldiswalde
13%
EGEggenfelden
13%
FIFinsterwalde
13%
FLÖFlöha
13%
FZFritzlar
13%
GCGlauchau
13%
HKHeidekreis
13%
KIBKirchheimbolanden
13%
PANPfarrkirchen
13%
RIRinteln
13%
SPNSpree-Neiße
13%
UHUnstrut-Hainich
13%
WILWittlich
13%
ZEZerbst/Anhalt
13%
BIWBischofswerda
12%
BHBühl
12%
DMDemmin
12%
EBNEbern
12%
FORForst (Lausitz)
12%
FKBFrankenberg
12%
GKGeilenkirchen
12%
KMKamenz
12%
KWKönigs Wusterhausen
12%
LNLübben
12%
OCHOchsenfurt
12%
SABSaarburg
12%
SLKSalzlandkreis
12%
TDOTorgau, Delitzsch, Oschatz
12%
USIUsingen
12%
WLWinsen (Luhe)
12%
ATAltentreptow
11%
BIDBiedenkopf
11%
BRLBraunlage
11%
BFBurgsteinfurt
11%
BÜZBützow
11%
CACalau
11%
GNGelnhausen
11%
GRAGrafenau
11%
HGNHagenow
11%
JEJessen (Elster)
11%
KKKempen-Krefeld
11%
KRUKrumbach (Schwaben)
11%
LUPLudwigslust-Parchim
11%
NABNabburg
11%
NAINaila
11%
NZNeustrelitz
11%
OZOschatz
11%
SGHSangerhausen
11%
SPBSpremberg
11%
WAWaldeck
11%
WSFWeißenfels
11%
WSTWesterstede
11%
WURWurzen
11%
KÖZBad Kötzting
10%
LSZBad Langensalza
10%
DLDöbeln
10%
GNTGenthin
10%
GVMGrevesmühlen
10%
GMNGrimmen
10%
HELHessischer Landtag
10%
HÖSHöchstadt
10%
MSHMansfeld-Südharz
10%
OSLOberspreewald-Lausitz
10%
PWPasewalk
10%
RPLRheinland-Pfälzischer Landtag
10%
RSLRoßlau (Elbe)
10%
SELSelb
10%
SDHSondershausen
10%
TETecklenburg
10%
THLThüringer Landtag
10%
UFFUffenheim
10%
VGVorpommern, Greifswald
10%
VRVorpommern, Rügen
10%
WTWaldshut-Tiengen
10%
BRKBad Brückenau
9%
GANBad Gandersheim
9%
LIBBad Liebenwerda
9%
REIBad Reichenhall
9%
BEDBrand-Erbisdorf
9%
BULBurglengenfeld
9%
EBSEbermannstadt
9%
EISEisenberg
9%
GDBGadebusch
9%
GAGardelegen
9%
GEOGerolzhofen
9%
HVHavelberg
9%
HCHHechingen
9%
HORHorb
9%
LFLaufen
9%
MQMerseburg-Querfurt
9%
MNMindelheim
9%
MWMittweida
9%
OPOpladen
9%
RCReichenbach im Vogtland
9%
SCZSchleiz
9%
SLÜSchlüchtern
9%
SMSchmalkalden-Meiningen
9%
UEMUeckermünde
9%
VIBVilsbiburg
9%
WELWeilburg
9%
WSWWeißwasser
9%
WIZWitzenhausen
9%
WORWolfratshausen
9%
WLGWolgast
9%
GHCGräfenhainichen
8%
GRHGroßenhain
8%
HCHainichen
8%
HDLHaldensleben
8%
HEBHersbruck
8%
HETHettstedt
8%
HIPHilpoltstein
8%
HOHHofheim in Unterfranken
8%
XInternational
8%
KYKyritz
8%
LBZLübz
8%
LHLüdinghausen
8%
MAIMainburg
8%
MAKMarktredwitz
8%
NHNeuhaus am Rennweg
8%
NLNiedersächsischer Landtag
8%
NYNiesky
8%
PNPößneck
8%
PZPrenzlau
8%
REHRehau
8%
ROKRockenhausen
8%
RODRoding
8%
ROTRothenburg ob der Tauber
8%
SALSaarländischer Landtag
8%
GOHSankt Goarshausen
8%
SDTSchwedt/Oder
8%
SEBSebnitz
8%
STLStollberg/Erzgeb.
8%
TPTemplin
8%
TETTeterow
8%
WSWasserburg am Inn
8%
WBSWorbis
8%
ZPZschopau
8%
FRWBad Freienwalde (Oder)
7%
GRIBad Griesbach im Rottal
7%
KÖNBad Königshofen im Grabfeld
7%
LBSBad Lobenstein
7%
ESBEschenbach in der Oberpfalz
7%
HABHammelburg
7%
HOGHofgeismar
7%
HHMHohenmölsen
7%
HOTHohenstein-Ernstthal
7%
KEMKemnath
7%
KLZKlötze
7%
LCLuckau
7%
MABMarienberg
7%
MODMarktoberdorf
7%
MSTMecklenburg-Strelitz
7%
MVLMecklenburg-Vorpommerscher Landtag
7%
MEGMelsungen
7%
MEKMittlerer Erzgebirgskreis
7%
MTLMuldental
7%
NEBNebra (Unstrut)
7%
RNRathenow
7%
RDGRibnitz-Damgarten
7%
RLRochlitz
7%
SOGSchongau
7%
SOBSchrobenhausen
7%
SZBSchwarzenberg
7%
SRBStrausberg
7%
TOTorgau-Oschatz
7%
VOHVohenstrauß
7%
WDAWerdau
7%
ZRZeulenroda
7%
ZIGZiegenhain
7%
GHAGeithain
6%
HIGHeiligenstadt
6%
MCMalchin
6%
MLMansfelder Land
6%
MEDMeldorf
6%
MÜBMünchberg
6%
NOLNiederschlesische Oberlausitz
6%
OVIOberviechtach
6%
OVLObervogtland
6%
OKOhrekreis
6%
PARParsberg
6%
RGRiesa-Großenhain
6%
SLESchleiden
6%
SEESeelow
6%
SROStadtroda
6%
STBSternberg
6%
WÜMWaldmünchen
6%
WZLWanzleben
6%
WKWittstock/Dosse
6%
SLZBad Salzungen
5%
SWABad Schwalbach
5%
BWBundes-Wasser- und Schifffahrtsverwaltung
5%
MALMallersdorf
5%
METMellrichstadt
5%
NENNeunburg vorm Wald
5%
SFTStaßfurt
5%
WERWertingen
5%
WOLWolfach
5%
WOHWolfhagen
5%
WMSWolmirstedt
5%
STEBad Staffelstein
4%
RIDRiedenburg
4%
RMRöbel/Müritz
4%
SLNSchmölln
4%
SULSulzbach-Rosenberg
4%
WOSWolfstein
4%
OBGOsterburg (Altmark)
3%
SBKSchönebeck (Elbe)
3%
SBGStrasburg (Uckermark)
3%
SANStadtsteinach
2%
SEFScheinfeld
1%

Verteilung der Resultate

Perzentil nach korrekt beantworteten Fragen

Anzahl Personen mit jedem Resultat

Ihre Resultats-Entwicklung

Sie haben dieses Quiz noch nicht gespielt